00806nam a22002412a 450000100060000000300080000600500170001400800410003103500210007204000330009304100080012608200140013409200160014810000290016424500720019326000340026530000290029950400290032865000410035794200120039899900170041095201370042777343BD-RjUL20211209082948.0860101s1965 enkc b 000 0deng d a[BD-RjUL] 77568) aDLCcWSUdOCLdVXXdEQObeng aeng 219a821.8 aD05042892421 aStanford, Derek.924095210aPoets of the 'nineties:ba biographical anthology /cDerek Stanford a[London] :bJ. Baker,c[1965] a225 p. :bports.;c22 cm aBibliography: p. 224-225 0aEnglish poetryy19th century9240953 2ddccBK c77343d77343 00102ddc40708NFICaRUCLbRUCLcStackd1973-03-06eBook centerg1.80l0o821.8 STP 1965r2020-03-16 00:00:00tC-2w2020-03-16yBK